[Event "Ruy Lopez: Closed Variation Thematic!"]
[Site "SchemingMind.com"]
[Date "2018.06.25"]
[Round "-"]
[White "Greg Magne"]
[Black "jolasebabes"]
[Result "0-1"]
[WhiteCountry "CAN"]
[BlackCountry "POR"]
[WhiteElo "1665"]
[WhiteRD "82"]
[BlackElo "2101"]
[BlackRD "78"]
[GameID "429690"]

1. e4 e5 2. Nf3 Nc6 3. Bb5 a6 4. Ba4 Nf6 5. O-O Be7 6. Re1 b5 7. Bb3 O-O 8. c3 d6 9. h3 Bb7 10. d4 Re8
11. Nbd2 Bf8 12. Bc2 g6 13. Nf1 exd4 14. cxd4 Nb4 15. Ng3 Nxc2 16. Qxc2 c5 17. Bg5 h6 18. Bh4 g5 19. Nxg5 hxg5 20. Bxg5 cxd4
21. Rad1 Bg7 22. Rxd4 Re6 23. Red1 Qb6 24. Nf5 Bxe4 25. Rxe4 Nxe4 26. Nxg7 Kxg7
0-1

[Event "Ruy Lopez: Closed Variation Thematic!"]
[Site "SchemingMind.com"]
[Date "2018.06.25"]
[Round "-"]
[White "jolasebabes"]
[Black "Greg Magne"]
[Result "1-0"]
[WhiteCountry "POR"]
[BlackCountry "CAN"]
[WhiteElo "2011"]
[WhiteRD "84"]
[BlackElo "1618"]
[BlackRD "82"]
[GameID "429691"]

1. e4 e5 2. Nf3 Nc6 3. Bb5 a6 4. Ba4 Nf6 5. O-O Be7 6. Re1 b5 7. Bb3 O-O 8. c3 d6 9. h3 Bb7 10. d4 exd4
11. cxd4 h6 12. Nbd2 Re8 13. Nf1 Bf8 14. Ng3 Kh7 15. Bxf7 Qe7 16. Bxe8 Rxe8 17. e5 dxe5 18. dxe5 Nd7 19. e6 Nc5 20. Ng5+ hxg5
21. Qh5+ Kg8 22. Bxg5 Qd6 23. Qf7+
1-0

[Event "Ruy Lopez: Closed Variation Thematic!"]
[Site "SchemingMind.com"]
[Date "2018.07.01"]
[Round "-"]
[White "Greg Magne"]
[Black "Chessibelle"]
[Result "1-0"]
[WhiteCountry "CAN"]
[BlackCountry "ENG"]
[WhiteElo "1618"]
[WhiteRD "82"]
[BlackElo "1238"]
[BlackRD "58"]
[GameID "429922"]

1. e4 e5 2. Nf3 Nc6 3. Bb5 a6 4. Ba4 Nf6 5. O-O Be7 6. Re1 b5 7. Bb3 O-O 8. c3 d6 9. h3 h6 10. d4 Bd7
11. a4 Qc8 12. axb5 axb5 13. Rxa8 Qxa8 14. dxe5 dxe5 15. Na3 Na5 16. Nxe5 Be6 17. Bxe6 fxe6 18. Nxb5 Rc8 19. Qe2 Qb7 20. Nd4 g5
21. Nxe6 c5 22. Ng4 Nc6 23. Nxh6+ Kh7 24. Bxg5 Ne8 25. Qh5 Ng7 26. Qf7
1-0

[Event "Ruy Lopez: Closed Variation Thematic!"]
[Site "SchemingMind.com"]
[Date "2018.07.01"]
[Round "-"]
[White "Chessibelle"]
[Black "Greg Magne"]
[Result "0-1"]
[WhiteCountry "ENG"]
[BlackCountry "CAN"]
[WhiteElo "1238"]
[WhiteRD "58"]
[BlackElo "1618"]
[BlackRD "82"]
[GameID "429923"]

1. e4 e5 2. Nf3 Nc6 3. Bb5 a6 4. Ba4 Nf6 5. O-O Be7 6. Re1 b5 7. Bb3 O-O 8. c3 d6 9. h3 Bb7 10. d4 h6
11. Bc2 Re8 12. Nbd2 Bf8 13. Nh4 g6 14. Bd3 Kh7 15. a3 exd4 16. Ndf3 dxc3 17. bxc3 Bg7 18. g3 Nd7 19. Qb3 Nde5 20. Nxe5 Nxe5
21. Be2 Bxe4 22. f4 g5 23. Ng2 gxf4 24. gxf4 Nf3+ 25. Kf1 Nxe1 26. Nxe1 Qh4 27. Nf3 Qxh3+ 28. Ke1 Bxf3 29. Kd2 Rxe2+ 30. Kd3 Bg4+
31. Be3 Qxe3#
0-1

[Event "Ruy Lopez: Closed Variation Thematic!"]
[Site "SchemingMind.com"]
[Date "2018.07.01"]
[Round "-"]
[White "Chessibelle"]
[Black "jolasebabes"]
[Result "0-1"]
[WhiteCountry "ENG"]
[BlackCountry "POR"]
[WhiteElo "1238"]
[WhiteRD "58"]
[BlackElo "2011"]
[BlackRD "84"]
[GameID "429924"]

1. e4 e5 2. Nf3 Nc6 3. Bb5 a6 4. Ba4 Nf6 5. O-O Be7 6. Re1 b5 7. Bb3 O-O 8. c3 d6 9. h3 Na5 10. Bc2 c5
11. d4 Qc7 12. Nbd2 Nc6 13. a3 Bd7 14. b4 cxd4 15. Nf1 dxc3 16. Re3 Be6 17. Rxc3 d5 18. Rd3 dxe4 19. Re3 exf3 20. Rxf3 Nd4
21. Rg3 Qxc2 22. Rd3 Qxd1 23. Rxd1 Ne2+ 24. Kh2 Nxc1 25. Raxc1 Rac8 26. f3 Rxc1 27. Rxc1 Rc8 28. Ra1 Rc2 29. Rb1 e4 30. Ne3 Re2
31. Nd1 exf3 32. Kg3 fxg2 33. Nc3 Rc2 34. Nd1 g1=Q+ 35. Kf4 Bd6+ 36. Kf3 Qg3#
0-1

[Event "Ruy Lopez: Closed Variation Thematic!"]
[Site "SchemingMind.com"]
[Date "2018.07.02"]
[Round "-"]
[White "jolasebabes"]
[Black "Chessibelle"]
[Result "1-0"]
[WhiteCountry "POR"]
[BlackCountry "ENG"]
[WhiteElo "2011"]
[WhiteRD "84"]
[BlackElo "1238"]
[BlackRD "58"]
[GameID "429925"]

1. e4 e5 2. Nf3 Nc6 3. Bb5 a6 4. Ba4 Nf6 5. O-O Be7 6. Re1 b5 7. Bb3 O-O 8. c3 d6 9. h3 h6 10. d4 Nh5
11. Bd5 Bb7 12. Nxe5 Nf6 13. Nxc6 Qd7 14. Nxe7+ Qxe7 15. Bxb7 Rab8 16. Bd5 g5 17. Bb3 Qd7 18. e5 Ne8 19. e6 fxe6 20. Bxe6+
1-0

[Event "Ruy Lopez: Closed Variation Thematic!"]
[Site "SchemingMind.com"]
[Date "2018.07.19"]
[Round "-"]
[White "Greg Magne"]
[Black "maro"]
[Result "1-0"]
[WhiteCountry "CAN"]
[BlackCountry "MEX"]
[WhiteElo "1684"]
[WhiteRD "81"]
[BlackElo "1549"]
[BlackRD "64"]
[GameID "430393"]

1. e4 e5 2. Nf3 Nc6 3. Bb5 a6 4. Ba4 Nf6 5. O-O Be7 6. Re1 b5 7. Bb3 O-O 8. c3 d6 9. h3 Bb7 10. d4 exd4
11. cxd4 d5 12. e5 Ne4 13. Nbd2 Bg5 14. Nxg5 Nxg5 15. f4 Ne4 16. Nxe4 dxe4 17. Rxe4 Nb4 18. Re3 Nd5 19. Rg3 Ne7 20. Bc2 g6
21. f5 Nd5 22. fxg6 fxg6 23. Bxg6 hxg6 24. Rxg6+ Kf7 25. Qh5 Rh8 26. Qf5+ Ke8 27. Re6+ Ne7 28. Bg5 Qxd4+ 29. Kh2 Qc5 30. Bxe7
1-0

[Event "Ruy Lopez: Closed Variation Thematic!"]
[Site "SchemingMind.com"]
[Date "2018.07.20"]
[Round "-"]
[White "maro"]
[Black "Greg Magne"]
[Result "1-0"]
[WhiteCountry "MEX"]
[BlackCountry "CAN"]
[WhiteElo "1549"]
[WhiteRD "64"]
[BlackElo "1684"]
[BlackRD "81"]
[GameID "430394"]

1. e4 e5 2. Nf3 Nc6 3. Bb5 a6 4. Ba4 Nf6 5. O-O Be7 6. Re1 b5 7. Bb3 O-O 8. c3 d6 9. h3 Nb8 10. d4 Nbd7
11. Nbd2 Bb7 12. dxe5 dxe5 13. a3 c5 14. Ba2 Qc7 15. b3 Rfd8 16. b4 c4 17. Bb1 Nf8 18. Qe2 Rd7 19. Nf1 Rad8 20. Bc2 Ng6
21. Ng3 Nf4 22. Bxf4 exf4 23. Nf5 Bf8 24. e5 Nd5 25. e6 fxe6 26. Qxe6+ Kh8 27. Ne5 Bd6 28. Nxd7
1-0

[Event "Ruy Lopez: Closed Variation Thematic!"]
[Site "SchemingMind.com"]
[Date "2018.07.18"]
[Round "-"]
[White "maro"]
[Black "Chessibelle"]
[Result "0-1"]
[WhiteCountry "MEX"]
[BlackCountry "ENG"]
[WhiteElo "1449"]
[WhiteRD "65"]
[BlackElo "1238"]
[BlackRD "58"]
[GameID "430395"]

1. e4 e5 2. Nf3 Nc6 3. Bb5 a6 4. Ba4 Nf6 5. O-O Be7 6. Re1 b5 7. Bb3 O-O 8. c3 d6 9. h3 Nh5 10. d4 Kh8
11. Bd5 Bd7 12. dxe5 dxe5 13. Nxe5 g6 14. Nxf7+ Rxf7 15. Bxf7 Ne5 16. Qd4 Bf6 17. Qe3 Nxf7 18. Nd2 Be6 19. Nf3 Bc4 20. e5 Be7
21. e6 Nd6 22. Ne5 Qe8 23. Qf3 Bxe6 24. Bh6 Nf5 25. Bd2 Rd8 26. Rad1 Nh4 27. Qe4 Nf5 28. Nc6 Rd6 29. Ne5 Nf6 30. Qc2 Rd5
31. Nf3 Bc5 32. Ng5 Nh4 33. Nxe6 Be7 34. Nxc7 Qd8 35. Nxd5 Qxd5 36. Bg5 Qxg2#
0-1

[Event "Ruy Lopez: Closed Variation Thematic!"]
[Site "SchemingMind.com"]
[Date "2018.07.18"]
[Round "-"]
[White "Chessibelle"]
[Black "maro"]
[Result "0-1"]
[WhiteCountry "ENG"]
[BlackCountry "MEX"]
[WhiteElo "1238"]
[WhiteRD "58"]
[BlackElo "1449"]
[BlackRD "65"]
[GameID "430396"]

1. e4 e5 2. Nf3 Nc6 3. Bb5 a6 4. Ba4 Nf6 5. O-O Be7 6. Re1 b5 7. Bb3 O-O 8. c3 d6 9. h3 Bb7 10. d4 Re8
11. Bc2 d5 12. Nbd2 dxe4 13. Nxe4 exd4 14. cxd4 Nxe4 15. Bxe4 Bb4 16. Nd2 Qxd4 17. Re2 Bd6 18. g3 Rab8 19. Kg2 Rxe4 20. Qe1 Rxe2
21. Qxe2 Ne5+ 22. Kf1 Qd5 23. b3 Qh1#
0-1

[Event "Ruy Lopez: Closed Variation Thematic!"]
[Site "SchemingMind.com"]
[Date "2018.07.19"]
[Round "-"]
[White "maro"]
[Black "jolasebabes"]
[Result "0-1"]
[WhiteCountry "MEX"]
[BlackCountry "POR"]
[WhiteElo "1549"]
[WhiteRD "64"]
[BlackElo "2150"]
[BlackRD "72"]
[GameID "430397"]

1. e4 e5 2. Nf3 Nc6 3. Bb5 a6 4. Ba4 Nf6 5. O-O Be7 6. Re1 b5 7. Bb3 O-O 8. c3 d6 9. h3 Na5 10. d4 exd4
11. cxd4 Nxb3 12. Qxb3 Bb7 13. d5 c5 14. a3 Nd7 15. Nc3 Bf6 16. Bf4 c4 17. Qc2 Nc5 18. Rad1 Nd3 19. Re2 Nxf4 20. Red2 Nd3
21. b3 Nc5 22. bxc4 Bxc3 23. Qxc3 Nxe4 24. Qd4 Nxd2 25. Rxd2 bxc4 26. Qxc4 Rc8 27. Qg4 Qa5 28. Kh2 Bxd5 29. Rd4 Bxf3 30. Qxf3 Qe5+
0-1

[Event "Ruy Lopez: Closed Variation Thematic!"]
[Site "SchemingMind.com"]
[Date "2018.07.19"]
[Round "-"]
[White "jolasebabes"]
[Black "maro"]
[Result "1-0"]
[WhiteCountry "POR"]
[BlackCountry "MEX"]
[WhiteElo "2150"]
[WhiteRD "72"]
[BlackElo "1549"]
[BlackRD "64"]
[GameID "430398"]

1. e4 e5 2. Nf3 Nc6 3. Bb5 a6 4. Ba4 Nf6 5. O-O Be7 6. Re1 b5 7. Bb3 O-O 8. c3 d6 9. h3 Bb7 10. d4 exd4
11. cxd4 Nb4 12. a3 Nc6 13. Nc3 Re8 14. Ng5 h6 15. Nxf7 Qb8 16. Nxd6+ Kh8 17. Nxe8 Qxe8 18. e5 Nd7 19. Nd5 Bd8 20. Nf4 Bg5
21. Qd3 Nf6 22. Ng6+ Kh7 23. Nh4+ Kh8 24. Bxg5 hxg5 25. exf6 Qh5 26. Ng6+
1-0

[Event "Ruy Lopez: Closed Variation Thematic!"]
[Site "SchemingMind.com"]
[Date "2018.07.23"]
[Round "-"]
[White "Greg Magne"]
[Black "Wojtek26"]
[Result "1-0"]
[WhiteCountry "CAN"]
[BlackCountry "POL"]
[WhiteElo "1712"]
[WhiteRD "77"]
[BlackElo "1628"]
[BlackRD "61"]
[GameID "430524"]

1. e4 e5 2. Nf3 Nc6 3. Bb5 a6 4. Ba4 Nf6 5. O-O Be7 6. Re1 b5 7. Bb3 O-O 8. c3 d6 9. h3 g6 10. d4 exd4
11. cxd4 Bb7 12. Nbd2 Re8 13. Bc2 Bf8 14. Nf1 Bg7 15. Bg5 Qd7 16. Ng3 Nb4 17. Bb1 h6 18. Bd2 Nxe4 19. Bxe4 Bxe4 20. Rxe4 Rxe4
21. Nxe4 Nd5 22. Rc1 Rc8 23. Qe2 Re8 24. Qd3 f5 25. Nc3 Nxc3 26. bxc3 c5 27. a4 cxd4 28. cxd4 bxa4 29. Qxa6 Bf6 30. Bxh6 Kh7
31. Bf4 Re2 32. Qxd6 Qxd6 33. Bxd6 Re8 34. Rc7+ Kg8 35. Ne5 Bxe5 36. Bxe5 Ra8 37. Rg7+ Kf8 38. Rxg6 a3 39. Rf6+ Ke7 40. d5 Rf8
41. Rxf8 Kxf8 42. f4
1-0

[Event "Ruy Lopez: Closed Variation Thematic!"]
[Site "SchemingMind.com"]
[Date "2018.07.23"]
[Round "-"]
[White "Wojtek26"]
[Black "Greg Magne"]
[Result "0-1"]
[WhiteCountry "POL"]
[BlackCountry "CAN"]
[WhiteElo "1628"]
[WhiteRD "61"]
[BlackElo "1712"]
[BlackRD "77"]
[GameID "430525"]

1. e4 e5 2. Nf3 Nc6 3. Bb5 a6 4. Ba4 Nf6 5. O-O Be7 6. Re1 b5 7. Bb3 O-O 8. c3 d6 9. h3 Nb8 10. d4 Nbd7
11. Nbd2 Bb7 12. d5 c5 13. c4 bxc4 14. Nxc4 Nb6 15. Nxb6 Qxb6 16. Be3 Nxe4 17. Qd3 f5 18. a4 Qb4 19. Qc2 Rac8 20. a5 c4
21. Ba2 Bxd5 22. Rad1 Qxa5 23. Bb1 Be6 24. Nd2 d5 25. Nxe4 fxe4 26. f3 Bf5 27. Bd2 Bb4 28. Bxb4 Qxb4 29. fxe4 Bxe4 30. Qd2 Qxd2
31. Rxd2 Bxb1 32. Rxb1 d4 33. Re2 Rfe8 34. Rbe1 Rc5 35. Ra1 a5 36. Rae1 Kf7 37. Rf1+ Ke6 38. Rfe1 Kd5 39. Rf1 d3
0-1

[Event "Ruy Lopez: Closed Variation Thematic!"]
[Site "SchemingMind.com"]
[Date "2018.07.23"]
[Round "-"]
[White "maro"]
[Black "Wojtek26"]
[Result "1-0"]
[WhiteCountry "MEX"]
[BlackCountry "POL"]
[WhiteElo "1549"]
[WhiteRD "64"]
[BlackElo "1621"]
[BlackRD "66"]
[GameID "430526"]

1. e4 e5 2. Nf3 Nc6 3. Bb5 a6 4. Ba4 Nf6 5. O-O Be7 6. Re1 b5 7. Bb3 O-O 8. c3 d6 9. h3 g6 10. d4 exd4
11. Nxd4 Bb7 12. Nd2 Re8 13. N2f3 Bf8 14. Bd5 Nxd5 15. exd5 Nxd4 16. Nxd4 Bxd5 17. Nf3 Rxe1+ 18. Nxe1 Bg7 19. Nf3 Qf6 20. Qxd5 Re8
21. Bg5 Qe6 22. Qc6 h6 23. Re1 Qxe1+ 24. Nxe1 Rxe1+ 25. Kh2 Be5+ 26. g3 Re2 27. Qe8+ Kg7 28. Be7 Rxf2+ 29. Kg1 Rxb2 30. Qf8+ Kh7
31. Qxf7+ Kh8 32. Qxg6 Bg7 33. Bf6 Bxf6 34. Qxh6+
1-0

[Event "Ruy Lopez: Closed Variation Thematic!"]
[Site "SchemingMind.com"]
[Date "2018.07.23"]
[Round "-"]
[White "Wojtek26"]
[Black "maro"]
[Result "1/2-1/2"]
[WhiteCountry "POL"]
[BlackCountry "MEX"]
[WhiteElo "1628"]
[WhiteRD "61"]
[BlackElo "1503"]
[BlackRD "58"]
[GameID "430527"]

1. e4 e5 2. Nf3 Nc6 3. Bb5 a6 4. Ba4 Nf6 5. O-O Be7 6. Re1 b5 7. Bb3 O-O 8. c3 d6 9. h3 d5 10. exd5 Nxd5
11. Nxe5 Nxe5 12. Rxe5 Nb6 13. Qe1 Bd6 14. Re2 Bb7 15. d4 Nd5 16. Nd2 Qd7 17. Nf3 Nf4 18. Bxf4 Bxf4 19. Re7 Qd6 20. Bc2 Bxf3
21. gxf3 Bh2+ 22. Kh1 Bf4 23. Qe4 g6 24. Rg1 Bh6 25. Re5 Bg7 26. Rd5 Qf6 27. Qg4 c6 28. Re5 Qd8 29. Re2 Qc7 30. Rge1 Bf6
31. b4 a5 32. a3 axb4 33. axb4 Ra3 34. Re3 Qd6 35. f4 Qd5+ 36. Kg1 Ra2 37. Be4 Qb3 38. Bxc6 Qb2 39. Qf3 Bh4 40. R3e2 Qb3
41. Rxa2 Qxa2 42. Bxb5 Rb8 43. Bd3 Qd2 44. Re4 Qxc3 45. b5 Rxb5 46. Re8+ Kg7 47. Re4 Rb1+ 48. Kg2 Rb2 49. Re2 Rxe2 50. Qxe2 Qxd4
51. Qe5+ Qxe5 52. fxe5 h5 53. f4 Be1 54. Bc4 h4 55. Kf3 Kf8 56. Kg4 Ke7 57. Kg5 Kf8 58. Kf6 Bg3 59. e6 fxe6 60. Bxe6 Bxf4
61. Kxg6 Bg3 62. Kh5 Ke7=
1/2-1/2

[Event "Ruy Lopez: Closed Variation Thematic!"]
[Site "SchemingMind.com"]
[Date "2018.07.23"]
[Round "-"]
[White "Chessibelle"]
[Black "Wojtek26"]
[Result "0-1"]
[WhiteCountry "ENG"]
[BlackCountry "POL"]
[WhiteElo "1238"]
[WhiteRD "58"]
[BlackElo "1644"]
[BlackRD "61"]
[GameID "430528"]

1. e4 e5 2. Nf3 Nc6 3. Bb5 a6 4. Ba4 Nf6 5. O-O Be7 6. Re1 b5 7. Bb3 O-O 8. c3 d6 9. h3 g6 10. d4 exd4
11. Nxd4 Nxd4 12. cxd4 Re8 13. Nd2 Bb7 14. f3 c5 15. f4 cxd4 16. Qc2 Rc8 17. Qd1 Bf8 18. Bc2 Bg7 19. b4 Nd7 20. g4 Qh4
21. Nf3 Qxh3 22. Nh2 f5 23. Re2 fxe4 24. Bb3+ Kh8 25. Bb2 d3 26. Rd2 e3 27. Rxd3 Qg2#
0-1

[Event "Ruy Lopez: Closed Variation Thematic!"]
[Site "SchemingMind.com"]
[Date "2018.07.23"]
[Round "-"]
[White "Wojtek26"]
[Black "Chessibelle"]
[Result "1-0"]
[WhiteCountry "POL"]
[BlackCountry "ENG"]
[WhiteElo "1644"]
[WhiteRD "61"]
[BlackElo "1238"]
[BlackRD "58"]
[GameID "430529"]

1. e4 e5 2. Nf3 Nc6 3. Bb5 a6 4. Ba4 Nf6 5. O-O Be7 6. Re1 b5 7. Bb3 O-O 8. c3 d6 9. h3 h5 10. d4 d5
11. dxe5 Nh7 12. exd5 Na7 13. Qd3 g6 14. Be3 Qe8 15. Bh6 Bf5 16. Qd2 Rd8 17. Qd4 Qd7 18. e6 fxe6 19. Qg7#
1-0

[Event "Ruy Lopez: Closed Variation Thematic!"]
[Site "SchemingMind.com"]
[Date "2018.07.23"]
[Round "-"]
[White "Wojtek26"]
[Black "jolasebabes"]
[Result "0-1"]
[WhiteCountry "POL"]
[BlackCountry "POR"]
[WhiteElo "1648"]
[WhiteRD "66"]
[BlackElo "2101"]
[BlackRD "78"]
[GameID "430530"]

1. e4 e5 2. Nf3 Nc6 3. Bb5 a6 4. Ba4 Nf6 5. O-O Be7 6. Re1 b5 7. Bb3 O-O 8. c3 d6 9. h3 Na5 10. Bc2 c5
11. a3 c4 12. d3 cxd3 13. Bxd3 Be6 14. Bc2 h6 15. Nbd2 Qc7 16. Nb3 Nc6 17. Be3 d5 18. exd5 Nxd5 19. Be4 Nxe3 20. fxe3 f6
21. Qc2 Rfd8 22. Nbd2 Rac8 23. Nf1 Na5 24. Red1 Bb3 25. Rxd8+ Rxd8 26. Qe2 Qc4 27. Qxc4+ Nxc4 28. Ng3 Nxb2 29. Rb1 Bxa3 30. Nf5 Rd1+
31. Rxd1 Nxd1 32. Bb7 a5 33. Nd2 Be6 34. Nd6 Bxd6
0-1

[Event "Ruy Lopez: Closed Variation Thematic!"]
[Site "SchemingMind.com"]
[Date "2018.07.23"]
[Round "-"]
[White "jolasebabes"]
[Black "Wojtek26"]
[Result "1-0"]
[WhiteCountry "POR"]
[BlackCountry "POL"]
[WhiteElo "2101"]
[WhiteRD "78"]
[BlackElo "1648"]
[BlackRD "66"]
[GameID "430531"]

1. e4 e5 2. Nf3 Nc6 3. Bb5 a6 4. Ba4 Nf6 5. O-O Be7 6. Re1 b5 7. Bb3 O-O 8. c3 d6 9. h3 g6 10. d4 exd4
11. cxd4 Bb7 12. Bh6 Re8 13. Ng5 d5 14. exd5 Nxd5 15. Nxf7 Qd7 16. Nc3 Ncb4 17. Ne5 Qd6 18. a3 Nc6 19. Bxd5+
1-0

[Event "Ruy Lopez: Closed Variation Thematic!"]
[Site "SchemingMind.com"]
[Date "2018.07.30"]
[Round "-"]
[White "aliwood"]
[Black "Greg Magne"]
[Result "0-1"]
[WhiteCountry "ENG"]
[BlackCountry "CAN"]
[WhiteElo "1206"]
[WhiteRD "57"]
[BlackElo "1665"]
[BlackRD "82"]
[GameID "430653"]

1. e4 e5 2. Nf3 Nc6 3. Bb5 a6 4. Ba4 Nf6 5. O-O Be7 6. Re1 b5 7. Bb3 O-O 8. c3 d6 9. h3 Nb8 10. d3 Nbd7
11. Nbd2 Bb7
0-1

[Event "Ruy Lopez: Closed Variation Thematic!"]
[Site "SchemingMind.com"]
[Date "2018.07.27"]
[Round "-"]
[White "aliwood"]
[Black "maro"]
[Result "0-1"]
[WhiteCountry "ENG"]
[BlackCountry "MEX"]
[WhiteElo "1206"]
[WhiteRD "57"]
[BlackElo "1476"]
[BlackRD "69"]
[GameID "430655"]

1. e4 e5 2. Nf3 Nc6 3. Bb5 a6 4. Ba4 Nf6 5. O-O Be7 6. Re1 b5 7. Bb3 O-O 8. c3 d6 9. h3 Bb7 10. d4 exd4
11. cxd4 d5
0-1

[Event "Ruy Lopez: Closed Variation Thematic!"]
[Site "SchemingMind.com"]
[Date "2018.07.27"]
[Round "-"]
[White "maro"]
[Black "aliwood"]
[Result "1-0"]
[WhiteCountry "MEX"]
[BlackCountry "ENG"]
[WhiteElo "1476"]
[WhiteRD "69"]
[BlackElo "1206"]
[BlackRD "57"]
[GameID "430656"]

1. e4 e5 2. Nf3 Nc6 3. Bb5 a6 4. Ba4 Nf6 5. O-O Be7 6. Re1 b5 7. Bb3 O-O 8. c3 d6 9. h3 Bb7 10. d4 Re8
11. d5
1-0

[Event "Ruy Lopez: Closed Variation Thematic!"]
[Site "SchemingMind.com"]
[Date "2018.07.27"]
[Round "-"]
[White "aliwood"]
[Black "Chessibelle"]
[Result "0-1"]
[WhiteCountry "ENG"]
[BlackCountry "ENG"]
[WhiteElo "1206"]
[WhiteRD "57"]
[BlackElo "1263"]
[BlackRD "57"]
[GameID "430657"]

1. e4 e5 2. Nf3 Nc6 3. Bb5 a6 4. Ba4 Nf6 5. O-O Be7 6. Re1 b5 7. Bb3 O-O 8. c3 d6 9. h3 Nh5 10. Bc2 Nf4
11. d4 Bd7 12. a3 Bf6 13. Nbd2 Be6 14. Nf1 Ne7 15. Bxf4 exf4
0-1

[Event "Ruy Lopez: Closed Variation Thematic!"]
[Site "SchemingMind.com"]
[Date "2018.07.27"]
[Round "-"]
[White "Chessibelle"]
[Black "aliwood"]
[Result "1-0"]
[WhiteCountry "ENG"]
[BlackCountry "ENG"]
[WhiteElo "1263"]
[WhiteRD "57"]
[BlackElo "1206"]
[BlackRD "57"]
[GameID "430658"]

1. e4 e5 2. Nf3 Nc6 3. Bb5 a6 4. Ba4 Nf6 5. O-O Be7 6. Re1 b5 7. Bb3 O-O 8. c3 d6 9. h3 Na5 10. Bc2 c5
11. Bd3 Bb7 12. a3 Nc6 13. b4 c4 14. Be2 Re8 15. d3
1-0

[Event "Ruy Lopez: Closed Variation Thematic!"]
[Site "SchemingMind.com"]
[Date "2018.07.27"]
[Round "-"]
[White "aliwood"]
[Black "Wojtek26"]
[Result "0-1"]
[WhiteCountry "ENG"]
[BlackCountry "POL"]
[WhiteElo "1206"]
[WhiteRD "57"]
[BlackElo "1648"]
[BlackRD "66"]
[GameID "430659"]

1. e4 e5 2. Nf3 Nc6 3. Bb5 a6 4. Ba4 Nf6 5. O-O Be7 6. Re1 b5 7. Bb3 O-O 8. c3 d6 9. h3 Bb7 10. d4 exd4
11. cxd4 Na5 12. Bc2 c5
0-1

[Event "Ruy Lopez: Closed Variation Thematic!"]
[Site "SchemingMind.com"]
[Date "2018.07.28"]
[Round "-"]
[White "Wojtek26"]
[Black "aliwood"]
[Result "1-0"]
[WhiteCountry "POL"]
[BlackCountry "ENG"]
[WhiteElo "1648"]
[WhiteRD "66"]
[BlackElo "1206"]
[BlackRD "57"]
[GameID "430660"]

1. e4 e5 2. Nf3 Nc6 3. Bb5 a6 4. Ba4 Nf6 5. O-O Be7 6. Re1 b5 7. Bb3 O-O 8. c3 d6 9. h3 Na5 10. Bc2 c5
11. b4 Nc6 12. Bb2
1-0

[Event "Ruy Lopez: Closed Variation Thematic!"]
[Site "SchemingMind.com"]
[Date "2018.07.27"]
[Round "-"]
[White "aliwood"]
[Black "jolasebabes"]
[Result "0-1"]
[WhiteCountry "ENG"]
[BlackCountry "POR"]
[WhiteElo "1206"]
[WhiteRD "57"]
[BlackElo "2101"]
[BlackRD "78"]
[GameID "430661"]

1. e4 e5 2. Nf3 Nc6 3. Bb5 a6 4. Ba4 Nf6 5. O-O Be7 6. Re1 b5 7. Bb3 O-O 8. c3 d6 9. h3 Na5 10. Bc2 c5
11. d3 Bb7
0-1

[Event "Ruy Lopez: Closed Variation Thematic!"]
[Site "SchemingMind.com"]
[Date "2018.07.27"]
[Round "-"]
[White "aliwood"]
[Black "mochiron"]
[Result "0-1"]
[WhiteCountry "ENG"]
[BlackCountry "JPN"]
[WhiteElo "1206"]
[WhiteRD "57"]
[BlackElo "1528"]
[BlackRD "93"]
[GameID "430663"]

1. e4 e5 2. Nf3 Nc6 3. Bb5 a6 4. Ba4 Nf6 5. O-O Be7 6. Re1 b5 7. Bb3 O-O 8. c3 d6 9. h3 Nh5 10. d4 exd4
0-1

[Event "Ruy Lopez: Closed Variation Thematic!"]
[Site "SchemingMind.com"]
[Date "2018.07.28"]
[Round "-"]
[White "Greg Magne"]
[Black "mochiron"]
[Result "1-0"]
[WhiteCountry "CAN"]
[BlackCountry "JPN"]
[WhiteElo "1712"]
[WhiteRD "77"]
[BlackElo "1493"]
[BlackRD "85"]
[GameID "430665"]

1. e4 e5 2. Nf3 Nc6 3. Bb5 a6 4. Ba4 Nf6 5. O-O Be7 6. Re1 b5 7. Bb3 O-O 8. c3 d6 9. h3 h6 10. d4 exd4
11. cxd4 Nh7 12. Nc3 Ng5 13. e5 dxe5 14. dxe5 Nxf3+ 15. Qxf3 Bg5 16. Ne4 Bxc1 17. Raxc1 Nd4 18. Nf6+ gxf6 19. Qxa8 Nxb3 20. axb3 fxe5
21. Qc6 Qg5 22. Kh1 Be6 23. Qxc7 Bd5 24. Rg1 e4 25. Rce1 Re8 26. Re3 Re5 27. Rg3
1-0

[Event "Ruy Lopez: Closed Variation Thematic!"]
[Site "SchemingMind.com"]
[Date "2018.07.31"]
[Round "-"]
[White "mochiron"]
[Black "Greg Magne"]
[Result "0-1"]
[WhiteCountry "JPN"]
[BlackCountry "CAN"]
[WhiteElo "1493"]
[WhiteRD "85"]
[BlackElo "1712"]
[BlackRD "77"]
[GameID "430666"]

1. e4 e5 2. Nf3 Nc6 3. Bb5 a6 4. Ba4 Nf6 5. O-O Be7 6. Re1 b5 7. Bb3 O-O 8. c3 d6 9. h3 Nb8 10. d3 Bb7
11. Nbd2 c5 12. Bd5 Nxd5 13. exd5 Bxd5 14. Ne4 Nd7 15. d4 exd4 16. cxd4 Bxe4 17. Rxe4 Bf6 18. Rg4 cxd4 19. Nxd4 Nc5 20. Bh6 Kh8
21. Be3 g6 22. Bh6 Re8 23. Rf4 Ne6 24. Rxf6 Qxf6 25. Nxe6 Rxe6 26. Bd2 Qxb2 27. Rc1 Qxa2 28. Bc3+ Kg8 29. Qd4 f6 30. Rf1 Rae8
31. Bd2 Qc4 32. Qa1 Kg7 33. f4 Re2 34. Bc3 Ra2 35. Bxf6+ Kf7 36. Qd1 Kxf6 37. Qxd6+ Kf7 38. f5 g5 39. f6 Qxf1+ 40. Kh2 Qxg2#
0-1

[Event "Ruy Lopez: Closed Variation Thematic!"]
[Site "SchemingMind.com"]
[Date "2018.07.31"]
[Round "-"]
[White "mochiron"]
[Black "maro"]
[Result "0-1"]
[WhiteCountry "JPN"]
[BlackCountry "MEX"]
[WhiteElo "1493"]
[WhiteRD "85"]
[BlackElo "1503"]
[BlackRD "58"]
[GameID "430667"]

1. e4 e5 2. Nf3 Nc6 3. Bb5 a6 4. Ba4 Nf6 5. O-O Be7 6. Re1 b5 7. Bb3 O-O 8. c3 d6 9. h3 Bb7 10. d4 exd4
11. cxd4 h6 12. Nh2 Nb4 13. Bxh6 gxh6 14. Ng4 Nxg4 15. Qxg4+ Bg5 16. f4 Nd3 17. fxg5 hxg5 18. Rd1 Nxb2 19. Rd2 Nc4 20. Bxc4 bxc4
21. Nc3 f6 22. h4 Qe7 23. hxg5 f5 24. exf5 Qe3+ 25. Rf2 Qxc3 26. f6 Qxa1+ 27. Kh2 Qe1 28. Qh4 Be4 29. Qh6 Rf7 30. g6 Bxg6
31. Qxg6+ Kf8 32. Qh6+ Ke8 33. Qh8+ Rf8 34. f7+ Kd7 35. Qh3+ Kc6 36. Qf3+ d5 37. Qf6+ Kb7 38. Rb2+ Ka7 39. g3 Rh8+ 40. Kg2 Qh1+
41. Kf2 Rh2+ 42. Ke3 Qe4#
0-1